| 000 | 00916nam a2200289Ia 4500 | ||
|---|---|---|---|
| 003 | GCL | ||
| 008 | 140319s9999 xx 000 0 ara d | ||
| 020 | _a0 770 85516 1 | ||
| 040 |
_aGCL / _cGCL |
||
| 082 | 0 | 4 |
_a214.32 _bر ع |
| 100 | 1 | _aلارا معلوف | |
| 245 | 1 | 0 |
_aعولمة الاسلام / _cلارا معلوف |
| 700 | 1 | _aروا، اوليفيه | |
| 250 | _aالاولى | ||
| 260 |
_aبيروت : _bدار الساقى ، _c2003 |
||
| 300 |
_a222 ص ؛ _c24 سم |
||
| 650 | 0 | 4 | _aالاسلام والمجتمع |
| 650 | 0 | 4 | _aالارهاب |
| 650 | 0 | 4 | _aالثقافة الاسلامية |
| 650 | 0 | 4 | _aالاسلام - دفع مطاعن |
| 650 | 0 | 4 | _aالاسلام والسياسة |
| 650 | 0 | 4 | _aالاخوان المسلمون |
| 650 | 0 | 4 | _aالحركات الاسلامية |
| 650 | 0 | 4 | _aالاسلام والغرب |
| 650 | 0 | 4 | _aالاسلام والعنف |
| 942 |
_2ddc _cBK |
||
| 999 |
_c9915 _d9915 |
||